Statistics for Asian Countries With A Unique Starting Letter

Click here to take the quiz!

General Stats

  • This quiz has been taken 42 times
  • The average score is 6 of 6

Answer Stats

LetterCountry% Correct
OOman
100%
QQatar
97%
VVietnam
97%
YYemen
97%
GGeorgia
82%
EEast Timor
76%

Score Distribution

Percentile by Number Answered

Percent of People with Each Score

Your Score History

You have not taken this quiz